Fámam o Tatra banke podľahli hlavne menší podnikatelia

Fámy o Tatra banke spôsobili, že výbery klientov v druhý októbrový týždeň pevýšili vklady o dve miliardy korún. Po odmietnutí obvinení Predstavenstvom Tatra banky podporeným i NBS a podaním trestného stíhania sa situácia upokojila. Výbery realizovali predovšetkým bývalí klienti skrachovaných bánk. P...

Ausführliche Beschreibung

Gespeichert in:
Bibliographische Detailangaben
1. Verfasser: Kováčová, Jana
Format: Buchkapitel
Sprache:Slowakisch
Schlagworte:
Tags: Tag hinzufügen
Keine Tags, Fügen Sie das erste Tag hinzu!

MARC

LEADER 00000naa a2200000 4500
001 r043113
005 20230921112325.6
041 0 |a slo 
044 |a SK 
245 1 0 |a Fámam o Tatra banke podľahli hlavne menší podnikatelia  |c Jana Kováčová 
520 |a Fámy o Tatra banke spôsobili, že výbery klientov v druhý októbrový týždeň pevýšili vklady o dve miliardy korún. Po odmietnutí obvinení Predstavenstvom Tatra banky podporeným i NBS a podaním trestného stíhania sa situácia upokojila. Výbery realizovali predovšetkým bývalí klienti skrachovaných bánk. Profesionálny útok na banku sa šíril najrýchlejšími komunikačnými prostriedkami. Kampaň bola rozširovaná zhora nadol. 
610 2 0 |a banky 
610 2 0 |a klienti 
610 2 0 |a vklady 
610 2 0 |a Tatra banka, a.s. Bratislava 
100 1 |a Kováčová, Jana